Fishbase: a biological database on fish concepts, design and data sources

Gespeichert in:
Bibliographische Detailangaben
Hauptverfasser: Froese, R (VerfasserIn), Pauly, Daniel (VerfasserIn)
Format: Buch
Sprache:Englisch
Veröffentlicht: Manila International Center for Living Aquatic Resources Management 1995
Schlagworte:
Tags: Tag hinzufügen
Keine Tags, Fügen Sie den ersten Tag hinzu!

MARC

LEADER 00000nam a2200000 a 4500
001 UCU8138
003 CL-VaPUC
008 960719e19950000PH |||||||||||||||||eng|d
082 0 4 |a 597  |b FRO  |2 21 
100 0 |a Froese, R  |e author  |9 367435 
700 |a Pauly, Daniel  |e author  |9 371664 
245 1 0 |a Fishbase: a biological database on fish concepts, design and data sources 
300 |a 146 p 
942 |c BK 
945 |d 19960719 00:00:00  |a rbrito 
260 |a Manila  |b International Center for Living Aquatic Resources Management  |c 1995 
500 |a Incluye 1 CD Rom 
650 7 |a PECES  |2 CL-VaPUC  |9 367437 
650 0 |a Recursos marinos  |9 261196 
650 0 |a Oceanografía  |9 260014 
583 |a last modification  |c 19960719 00:00:00  |k Rodrigo Vera 
999 |c 250657  |d 250655 
952 |0 0  |1 0  |2 ddc  |4 0  |6 597_000000000000000_FRO_1995  |7 0  |8 P  |9 269060  |a BIBCUR  |b BIBCUR  |c PAC  |d 2019-11-19  |i 3210901  |o 597 FRO 1995  |p 3210901  |r 2025-04-22  |w 2019-11-19  |y BK  |k CIM